ბათუმის შოთა რუსთაველის სახელმწიფო უნივერსიტეტის ბიბლიოთეკა

საერთაშორისო ურთიერთობების ისტორია : (ბიბ.ჩანაწერი № 46495)

000 -ლიდერი
ფიქსირებული სიგრძის საკონტროლო ველი 01714nam a2200277Ia 4500
001 - საკონტროლო ნომერი
საკონტროლო ველი 13334
003 - საკონტროლო ნომრის იდენტიფიკატორი
საკონტროლო ველი GE_BSU
005 - ბოლო ოპერაციის თარიღი და დრო
საკონტროლო ველი 20240903173929.0
008 - ფიქსირებული სიგრძის მონაცემთა ელემენტები - ზოგადი ინფორმაცია
ფიქსირებული სიგრძის საკონტროლო ველი 181216s2014||||ge |||||||||||||| ||geo||
020 ## - წიგნის საერთაშორისო სტანდარტული ნომერი
International Standard Book Number 9789941224362
040 ## - კატალოგიზაციის წყარო
Transcribing agency GE_BSU
041 ## - ენის კოდი
Language code of text/sound track or separate title geo
082 ## - დუის ათობითი კლასიფიკაციის ინდექსი
Classification number 327(100)(09) მ-27
100 ## - მთავარი ჩანაწერი - პიროვნების სახელი
Personal name მანველიძე, ირაკლი
9 (RLIN) 2014
245 ## - ცნობა სათაურის შესახებ
Title საერთაშორისო ურთიერთობების ისტორია :
Remainder of title [მონოგრაფია]. ნაწ. 1, (ძველი პერიოდი) /
Statement of responsibility, etc ირაკლი მანველიძე, გელა ირემაძე ; რედ. კახაბერ სურგულაძე ; ბათუმის შოთა რუსთაველის სახელმწ. უნ-ტი, სოციალურ მეცნ. დეპარტამენტი.
264 ## - წარმოების, გამოცემის, დისტრიბუციის და სხვა ცნობები
გამოცემის, წარმოების, დისტრიბუციის... ადგილი თბილისი :
გამოცემის, წარმოების, დისტრიბუციის... სახელწოდება უნივერსალი,
გამოცემის, წარმოების, დისტრიბუციის... თარიღი 2014.
300 ## - ფიზიკური აღწერა
Extent 197გვ. ;
Dimensions 20 სმ.
500 ## - ზოგადი შენიშვნა
General note ბიბლიოგრაფია ტექსტის შენიშვნებში და გვ. 198-199
500 ## - ზოგადი შენიშვნა
General note
500 ## - ზოგადი შენიშვნა
General note
653 ## - INDEX TERM--UNCONTROLLED
Uncontrolled term საერთაშორისო ურთიერთობების ისტორია
700 ## - ADDED ENTRY--PERSONAL NAME
Personal name ირემაძე, გელა
Relator term ავტორი
9 (RLIN) 22490
700 ## - ADDED ENTRY--PERSONAL NAME
Personal name სურგულაძე, კახაბერ
Relator term რედაქტორი
9 (RLIN) 23154
710 ## - ADDED ENTRY--CORPORATE NAME
Corporate name or jurisdiction name as entry element ბათუმის სახელმწიფო უნივერსიტეტი
Subordinate unit სოციალურ მეცნიერებათა დეპარტამეტი
9 (RLIN) 23155
942 ## - ADDED ENTRY ELEMENTS (KOHA)
Koha item type წიგნი
Source of classification or shelving scheme
ეგზემპლარები
ჩამოწერის სტატუსი დაკარგული ეგზემპლარის სტატუსი კლასიფიკაციის წყარო ან თაროზე გაწყობის სქემა დაზიანების სტატუსი არ გაიცემა მუდმივი მდებარეობა (დაცვის ადგილი) ამჟამინდელი ადგილსამყოფელი თაროზე განთავსების ადგილი შეძენის თარიღი შტრიხკოდი ბოლო ოპერაციის თარიღი ეგზემპლარის მიმდევრობითი ნომერი (კეტერი?) ფასის ძალაში შესვლის თარიღი ეგზემპლარის სახეობა
          ბათუმის შოთა რუსთაველის სახელმწიფო უნივერსიტეტის მთავარი ბიბლიოთეკა ბათუმის შოთა რუსთაველის სახელმწიფო უნივერსიტეტის მთავარი ბიბლიოთეკა წიგნსაცავი 2018-12-17 27240 2018-12-17 27240 2018-12-17 წიგნი